The Arab Gulf States and Japan : prospects for co-operation : proceedings of a Joint Symposium on the Energy Industries--Prospects of Co-operation Between Arab Gulf States and Japan
This book consists of the following many parts: security of oil supply, oil price, marketing, and other related issues, research and development, training, the economics of petrochemical industries, alternative energy sources, co-operation between arab gulf states and Japan.
שמור ב:
| פורמט: | ספר |
|---|---|
| שפה: | Undetermined |
| יצא לאור: |
London
Croom Helm
1986
|
| נושאים: | |
| תגים: |
הוספת תג
אין תגיות, היה/י הראשונ/ה לתייג את הרשומה!
|
| Thư viện lưu trữ: | Trung tâm Học liệu Trường Đại học Cần Thơ |
|---|
| LEADER | 01171nam a2200205Ia 4500 | ||
|---|---|---|---|
| 001 | CTU_107885 | ||
| 008 | 210402s9999 xx 000 0 und d | ||
| 082 | |a 338.2 | ||
| 082 | |b A658 | ||
| 245 | 4 | |a The Arab Gulf States and Japan : prospects for co-operation : proceedings of a Joint Symposium on the Energy Industries--Prospects of Co-operation Between Arab Gulf States and Japan | |
| 245 | 0 | |c Edited by Walid Sharif ; co-sponsored by Petroleum Information Committee of the Arab Gulf States and the Japan Co-operation Center for the Middle East, and held in Tokyo, 6-7 December 1984 | |
| 260 | |a London | ||
| 260 | |b Croom Helm | ||
| 260 | |c 1986 | ||
| 520 | |a This book consists of the following many parts: security of oil supply, oil price, marketing, and other related issues, research and development, training, the economics of petrochemical industries, alternative energy sources, co-operation between arab gulf states and Japan. | ||
| 650 | |a Petroleum industry and trade,Petroleum industry and trade | ||
| 650 | |x Persian gulf region,Congresses,Congresses | ||
| 650 | |z Japan | ||
| 904 | |i M.Loan | ||
| 980 | |a Trung tâm Học liệu Trường Đại học Cần Thơ | ||